{"text_format":"3","workbook":"xls","n_sheets":2,"sheets":["耗材统计","1"],"not_rendered":{"external_links":1,"defined_names":2},"read":"whole","date_system":"1900","formulas":"cached_only"}

{"sheet":"耗材统计","index":0,"n_rows":104,"n_cols":6,"rows_kept":104,"merged":[[0,0,0,5],[2,1,6,1],[7,1,11,1],[12,1,16,1],[17,1,20,1],[22,1,26,1],[27,1,30,1],[32,1,35,1],[36,1,40,1],[41,1,44,1],[48,1,56,1],[57,1,61,1],[62,1,63,1],[65,1,69,1],[70,1,71,1],[72,1,75,1],[77,1,81,1],[82,1,85,1],[86,1,90,1],[92,1,93,1],[94,1,102,1],[103,0,103,5]],"flags":["formulas_cached_only"]}
["耗材使用量统计（2025年）"]
["序号","打印机名称","原装/代用","耗材名称","单位","数量"]
[1,"﻿爱普生L15158、L15168","原装","墨水009 BK","支",10]
[2,null,"原装","墨水009 C","支",10]
[3,null,"原装","墨水009 M","支",10]
[4,null,"原装","墨水009 Y","支",10]
[5,null,"原装","维护箱 C9345 ","个",5]
[6,"爱普生L1455","原装","墨水T859","支",5]
[7,null,"原装","墨水T6724黄","支",5]
[8,null,"原装","墨水T6723红","支",5]
[9,null,"原装","墨水T6722蓝","支",5]
[10,null,"原装","维护箱 T6711","个",6]
[11,"爱普生WF7218","原装","墨盒 T1881黑","个",10]
[12,null,"原装","墨盒 T1882蓝","个",10]
[13,null,"原装","墨盒 T1883红","个",10]
[14,null,"原装","墨盒 T1884黄","个",10]
[15,null,"原装","维护箱 T6711","个",2]
[16,"佳能IX6580","原装","墨盒826C","个",2]
[17,null,"原装","墨盒826M","个",2]
[18,null,"原装","墨盒826Y","个",2]
[19,null,"原装","墨盒825BK","个",2]
[20,"佳能MF4890dw、LBP6200d、LBP6230dn、MF4550d、LBP2900、MF4870dn、MF4570dw","代用","晒鼓278XC/328","个",8]
[21,"立思辰GA7530cdn","原装","粉盒NT-CL5353BK","个",2]
[22,null,"原装","粉盒NT-CL5353C","个",2]
[23,null,"原装","粉盒NT-CL5353M","个",2]
[24,null,"原装","粉盒NT-CL5353Y","个",2]
[25,null,"原装","废粉盒","个",1]
[26,"佳能iC MF635CX","原装","粉盒G045H 黑色大容量","个",12]
[27,null,"原装","粉盒G045H 红色大容量","个",12]
[28,null,"原装","粉盒G045H 黄色大容量","个",12]
[29,null,"原装","粉盒G045H 蓝色大容量","个",12]
[30,"HP M227sdn","代用","粉盒 NT-PH230CT","个",5]
[31,"HP CP5225","代用","晒鼓 CE740","个",2]
[32,null,"代用","晒鼓 CE741","个",2]
[33,null,"代用","晒鼓 CE742","个",2]
[34,null,"代用","晒鼓 CE743","个",2]
[35,"施乐SC2020","代用","粉盒NT-CX2020XFC 蓝色","个",1]
[36,null,"代用","粉盒NT-CX2020XFC 黄色","个",1]
[37,null,"代用","粉盒NT-CX2020XFC 黑色","个",1]
[38,null,"代用","粉盒NT-CX2020XFC 红色","个",1]
[39,null,"代用","废粉盒 SC2020","个",1]
[40,"HP 479dw","代用","粉盒416黑色（带芯片）","个",8]
[41,null,"代用","粉盒416红色（带芯片）","个",8]
[42,null,"代用","粉盒416黄色（带芯片）","个",8]
[43,null,"代用","粉盒416蓝色（带芯片）","个",8]
[44,"佳能LBP151dw、佳能MF246、佳能MF243","代用","晒鼓337A","个",5]
[45,"HP MFP M226dn","代用","晒鼓88A","个",5]
[46,"富士通DPK700T、\n四通5760SP、\n映美BP-1000K+、\n映美TP-635PRO、\n爱普生LQ-680KII、得实DS-7220、\n爱普生3250K、\n富士通DPK910P","代用","针式机色带架","个",5]
[47,"HP Design Z9\n绘图仪","原装","墨盒Z6/Z9 746 MK磨砂黑300ML","个",2]
[48,null,"原装","墨盒Z6/Z9 746 C青色300ML","个",2]
[49,null,"原装","墨盒Z6/Z9 746 M品红300ML","个",2]
[50,null,"原装","墨盒Z6/Z9 746 Y黄色300ML","个",2]
[51,null,"原装","墨盒Z6/Z9 746 PK亮光黑300ML","个",2]
[52,null,"原装","墨盒Z6/Z9 746 CR亮红色300ML","个",2]
[53,null,"原装","墨盒Z6/Z9 747 CG亮绿色300ML","个",2]
[54,null,"原装","墨盒Z6/Z9 747 CB亮蓝色300ML","个",2]
[55,null,"原装","墨盒Z6/Z9 747 G灰色300ML","个",2]
[56,"奔图7115","原装","粉盒 NT-CP350BK","个",2]
[57,null,"原装","粉盒 NT-CP350C","个",1]
[58,null,"原装","粉盒 NT-CP350M","个",1]
[59,null,"原装","粉盒 NT-CP350Y","个",1]
[60,null,"原装","废粉盒","个",1]
[61,"佳能MF263dn","代用","CRG051感光鼓","个",3]
[62,null,"代用","CRG051粉盒","个",5]
[63,"佳能252dw","代用","硒鼓CRG319（PH505/280)大容量","个",3]
[64,"佳能ix6780/ix6880","原装","墨盒850黑 大容量","个",5]
[65,null,"原装","墨盒851BK黑 大容量","个",5]
[66,null,"原装","墨盒851C青 大容量","个",5]
[67,null,"原装","墨盒851M红 大容量","个",5]
[68,null,"原装","墨盒851Y黄 大容量","个",5]
[69,"佳能ip110\n便携式打印机","原装","墨盒PGI-35","个",1]
[70,null,"原装","墨盒PGI-36","个",1]
[71,"HP 7110/7612","原装","墨盒 932XL黑","个",10]
[72,null,"原装","墨盒 933XL黄","个",10]
[73,null,"原装","墨盒 933XL红","个",1]
[74,null,"原装","墨盒 933XL蓝","个",10]
[75,"HP M1522","代用","硒鼓36A","个",1]
[76,"理光MC2001","代用","粉桶MC2001黑","个",10]
[77,null,"代用","粉桶MC2001红","个",10]
[78,null,"代用","粉桶MC2001黄","个",10]
[79,null,"代用","粉桶MC2001蓝","个",10]
[80,null,"代用","废粉盒 MC2001","个",5]
[81,"佳能iC MF643Cdw","原装","硒鼓 GRG054 BK大容量","个",5]
[82,null,"原装","硒鼓 GRG054 C大容量","个",5]
[83,null,"原装","硒鼓 GRG054 M大容量","个",5]
[84,null,"原装","硒鼓 GRG054 Y大容量","个",5]
[85,"佳能TS9580","原装","墨盒 880BK","个",1]
[86,null,"原装","墨盒 881BK","个",1]
[87,null,"原装","墨盒 881C","个",1]
[88,null,"原装","墨盒 881M","个",1]
[89,null,"原装","墨盒 881Y","个",1]
[90,"兄弟PT-E115\n手持式标签机","原装","标签色带标签色带 12mm白底黑字","个",1]
[91,"兄弟Td-4420tn","代用","亚银纸亚银纸 80*60*1000","个",1]
[92,null,"代用","110*300全树脂碳带","个",1]
[93,null,"原装","光盘CD-R","张",200]
[94,null,"原装","光盘DVD","张",100]
[95,null,"原装","光盘DVD（8.5G）","个",10]
[96,null,"原装","U盘64G（USB3.0）","个",10]
[97,null,"原装","移动硬盘2TB移动硬盘","个",1]
[98,null,"原装","蓝盘机械硬盘（1T）","个",5]
[99,null,"原装","蓝盘机械硬盘（2T）","个",1]
[100,null,"原装","固态硬盘（240G）","个",10]
[101,null,"原装","档案级光盘","张",10]
["备注：中标供应商需提供适配具体打印机型号的耗材，耗材名称一栏只作参考。\n"]

{"sheet":"1","index":1,"n_rows":109,"n_cols":8,"rows_kept":109,"merged":[[0,0,0,7],[2,1,6,1],[7,1,11,1],[12,1,16,1],[17,1,20,1],[22,1,26,1],[27,1,30,1],[31,1,34,1],[36,1,39,1],[40,1,44,1],[45,1,48,1],[52,1,60,1],[61,1,65,1],[66,1,67,1],[69,1,73,1],[74,1,75,1],[76,1,79,1],[81,1,85,1],[86,1,89,1],[90,1,94,1],[96,1,97,1],[98,1,106,1],[107,2,107,5],[108,0,108,5]],"flags":["formulas_cached_only"]}
["耗材使用量统计（2025年合同）"]
["序号","打印机名称","原装/代用","耗材名称","单位","数量","单价(元)","小计(元)"]
[1,"﻿爱普生L15158、L15168","原装","墨水009 BK","支",15,128,1920]
[2,null,"原装","墨水009 C","支",15,128,1920]
[3,null,"原装","墨水009 M","支",15,128,1920]
[4,null,"原装","墨水009 Y","支",15,128,1920]
[5,null,"原装","维护箱 C9345 ","个",10,260,2600]
[6,"爱普生L1455","原装","墨水T859","支",5,130,650]
[7,null,"原装","墨水T6724黄","支",5,95,475]
[8,null,"原装","墨水T6723红","支",5,96,480]
[9,null,"原装","墨水T6722蓝","支",5,97,485]
[10,null,"原装","维护箱 T6711","个",6,295,1770]
[11,"爱普生WF7218","原装","墨盒 T1881黑","个",15,130,1950]
[12,null,"原装","墨盒 T1882蓝","个",15,130,1950]
[13,null,"原装","墨盒 T1883红","个",15,130,1950]
[14,null,"原装","墨盒 T1884黄","个",15,130,1950]
[15,null,"原装","维护箱 T6711","个",2,295,590]
[16,"佳能IX6580","原装","墨盒826C","个",15,135,2025]
[17,null,"原装","墨盒826M","个",15,135,2025]
[18,null,"原装","墨盒826Y","个",15,135,2025]
[19,null,"原装","墨盒825BK","个",15,135,2025]
[20,"佳能MF4890dw、LBP6200d、LBP6230dn、MF4550d、LBP2900、MF4870dn、MF4570dw","代用","晒鼓278XC/328","个",20,75,1500]
[25,"立思辰GA7530cdn","原装","粉盒NT-CL5353BK","个",2,900,1800]
[26,null,"原装","粉盒NT-CL5353C","个",2,900,1800]
[27,null,"原装","粉盒NT-CL5353M","个",2,900,1800]
[28,null,"原装","粉盒NT-CL5353Y","个",2,900,1800]
[29,null,"原装","废粉盒","个",1,280,280]
[30,"佳能iC MF635CX","原装","粉盒G045H 黑色大容量","个",20,635,12700]
[31,null,"原装","粉盒G045H 红色大容量","个",20,730,14600]
[32,null,"原装","粉盒G045H 黄色大容量","个",20,730,14600]
[33,null,"原装","粉盒G045H 蓝色大容量","个",20,730,14600]
[34,"HP M377dw","代用","粉盒 CF410X大容量（黑）","个",2,128,256]
[35,null,"代用","粉盒 CF411X大容量（青）","个",2,128,256]
[36,null,"代用","粉盒 CF412X大容量（黄）","个",2,128,256]
[37,null,"代用","粉盒 CF413X大容量（红）","个",2,128,256]
[38,"HP M227sdn","代用","粉盒 NT-PH230CT","个",10,80,800]
[39,"HP CP5225","代用","晒鼓 CE740","个",2,530,1060]
[40,null,"代用","晒鼓 CE741","个",2,530,1060]
[41,null,"代用","晒鼓 CE742","个",2,530,1060]
[42,null,"代用","晒鼓 CE743","个",2,530,1060]
[43,"施乐SC2020","代用","粉盒NT-CX2020XFC 蓝色","个",1,115,115]
[44,null,"代用","粉盒NT-CX2020XFC 黄色","个",1,115,115]
[45,null,"代用","粉盒NT-CX2020XFC 黑色","个",1,115,115]
[46,null,"代用","粉盒NT-CX2020XFC 红色","个",1,115,115]
[47,null,"代用","废粉盒 SC2020","个",1,115,115]
[48,"HP 479dw","代用","粉盒416黑色（带芯片）","个",3,225,675]
[49,null,"代用","粉盒416红色（带芯片）","个",3,225,675]
[50,null,"代用","粉盒416黄色（带芯片）","个",3,225,675]
[51,null,"代用","粉盒416蓝色（带芯片）","个",3,225,675]
[52,"佳能LBP151dw、佳能MF246、佳能MF243","代用","晒鼓337A","个",15,60,900]
[53,"HP MFP M226dn","代用","晒鼓88A","个",15,60,900]
[54,"富士通DPK700T、\n四通5760SP、\n映美BP-1000K+、\n映美TP-635PRO、\n爱普生LQ-680KII、得实DS-7220、\n爱普生3250K、\n富士通DPK910P","代用","针式机色带架","个",10,18,180]
[55,"HP Design Z9\n绘图仪","原装","墨盒Z6/Z9 746 MK磨砂黑300ML","个",5,1250,6250]
[56,null,"原装","墨盒Z6/Z9 746 C青色300ML","个",5,1250,6250]
[57,null,"原装","墨盒Z6/Z9 746 M品红300ML","个",5,1250,6250]
[58,null,"原装","墨盒Z6/Z9 746 Y黄色300ML","个",5,1250,6250]
[59,null,"原装","墨盒Z6/Z9 746 PK亮光黑300ML","个",5,1250,6250]
[60,null,"原装","墨盒Z6/Z9 746 CR亮红色300ML","个",5,1250,6250]
[61,null,"原装","墨盒Z6/Z9 747 CG亮绿色300ML","个",5,1250,6250]
[62,null,"原装","墨盒Z6/Z9 747 CB亮蓝色300ML","个",5,1250,6250]
[63,null,"原装","墨盒Z6/Z9 747 G灰色300ML","个",5,1250,6250]
[64,"奔图7115","原装","粉盒 NT-CP350BK","个",2,580,1160]
[65,null,"原装","粉盒 NT-CP350C","个",1,580,580]
[66,null,"原装","粉盒 NT-CP350M","个",1,580,580]
[67,null,"原装","粉盒 NT-CP350Y","个",1,580,580]
[68,null,"原装","废粉盒","个",1,420,420]
[69,"佳能MF263dn","代用","CRG051感光鼓","个",3,100,300]
[70,null,"代用","CRG051粉盒","个",15,65,975]
[71,"佳能252dw","代用","硒鼓CRG319（PH505/280)大容量","个",3,80,240]
[72,"佳能ix6780/ix6880","原装","墨盒850黑 大容量","个",5,165,825]
[73,null,"原装","墨盒851BK黑 大容量","个",5,165,825]
[74,null,"原装","墨盒851C青 大容量","个",5,165,825]
[75,null,"原装","墨盒851M红 大容量","个",5,165,825]
[76,null,"原装","墨盒851Y黄 大容量","个",5,165,825]
[77,"佳能ip110\n便携式打印机","原装","墨盒PGI-35","个",1,90,90]
[78,null,"原装","墨盒PGI-36","个",1,135,135]
[79,"HP 7110/7612","原装","墨盒 932XL黑","个",20,365,7300]
[80,null,"原装","墨盒 933XL黄","个",20,220,4400]
[81,null,"原装","墨盒 933XL红","个",1,220,220]
[82,null,"原装","墨盒 933XL蓝","个",20,220,4400]
[83,"HP M1522","代用","硒鼓36A","个",1,80,80]
[84,"理光MC2001","代用","粉桶MC2001黑","个",15,135,2025]
[85,null,"代用","粉桶MC2001红","个",15,135,2025]
[86,null,"代用","粉桶MC2001黄","个",15,135,2025]
[87,null,"代用","粉桶MC2001蓝","个",15,135,2025]
[88,null,"代用","废粉盒 MC2001","个",10,100,1000]
[89,"佳能iC MF643Cdw","原装","硒鼓 GRG054 BK大容量","个",5,620,3100]
[90,null,"原装","硒鼓 GRG054 C大容量","个",5,540,2700]
[91,null,"原装","硒鼓 GRG054 M大容量","个",5,540,2700]
[92,null,"原装","硒鼓 GRG054 Y大容量","个",5,540,2700]
[93,"佳能TS9580","原装","墨盒 880BK","个",1,135,135]
[94,null,"原装","墨盒 881BK","个",1,125,125]
[95,null,"原装","墨盒 881C","个",1,125,125]
[96,null,"原装","墨盒 881M","个",1,125,125]
[97,null,"原装","墨盒 881Y","个",1,125,125]
[98,"兄弟PT-E115\n手持式标签机","原装","标签色带标签色带 12mm白底黑字","个",1,105,105]
[99,"兄弟Td-4420tn","代用","亚银纸亚银纸 80*60*1000","个",1,60,60]
[100,null,"代用","110*300全树脂碳带","个",1,220,220]
[101,null,"原装","光盘CD-R（香蕉）","张",200,1.8,360]
[102,null,"原装","光盘DVD（香蕉）","张",100,2.3,229.99999999999997]
[103,null,"原装","啄木鸟光盘DVD（8.5G）","个",10,6,60]
[104,null,"原装","U盘64G（USB3.0）","个",15,55,825]
[105,null,"原装","移动硬盘2TB移动硬盘","个",5,980,4900]
[106,null,"原装","蓝盘机械硬盘（1T）","个",5,480,2400]
[107,null,"原装","蓝盘机械硬盘（2T）","个",5,560,2800]
[108,null,"原装","固态硬盘（240G）","个",10,320,3200]
[109,null,"原装","档案级光盘","张",10,20,200]
[110,"合计(元)",{"$nulls":5},225559]
["备注：中标供应商需提供适配具体打印机型号的耗材，耗材名称一栏只作参考。\n"]